Psychology of sports / (Record no. 102367)

MARC details
000 -LEADER
fixed length control field 01007nam a22002657a 4500
005 - DATE AND TIME OF LATEST TRANSACTION
control field 20180228135849.0
008 - FIXED-LENGTH DATA ELEMENTS--GENERAL INFORMATION
fixed length control field 160816b xxu||||| |||| 00| 0 eng d
010 ## - LCCN (DPL NO)
LC control number 1617EN B-652695-702
020 ## - INTERNATIONAL STANDARD BOOK NUMBER
International Standard Book Number 9788175245433
Terms of availability 800.00
035 ## - SYSTEM CONTROL NUMBER
System control number B-652695-702
035 ## - SYSTEM CONTROL NUMBER
System control number B-667645
035 ## - SYSTEM CONTROL NUMBER
System control number EN-78913
037 ## - SOURCE OF ACQUISITION
Source of stock number/acquisition KKP
040 ## - CATALOGING SOURCE
Original cataloging agency DPL
082 ## - DEWEY DECIMAL CLASSIFICATION NUMBER
Classification number 796.019
100 ## - MAIN ENTRY--PERSONAL NAME
Personal name Sinku Kumar Singh
245 ## - TITLE STATEMENT
Title Psychology of sports /
Statement of responsibility, etc by Sinku Kumar Singh
260 ## - PUBLICATION, DISTRIBUTION, ETC. (IMPRINT)
Place of publication, distribution, etc New Delhi
Name of publisher, distributor, etc Khel Sahitya Kendra
Date of publication, distribution, etc 2016
270 ## - ADDRESS
Address 7/26, Ansari road, Darya Ganj
City New Delhi
Postal code 110002
300 ## - PHYSICAL DESCRIPTION
Extent 288p.
Dimensions 22 cm.(Hb)
650 ## - SUBJECT ADDED ENTRY--TOPICAL TERM
Topical term or geographic name as entry element Sports
General subdivision Psychological aspects
942 ## - ADDED ENTRY ELEMENTS (KOHA)
Source of classification or shelving scheme Dewey Decimal Classification
Item type English Books
Call number suffix SIN
Classification part 796.019
Holdings
Withdrawn status Lost status Source of classification or shelving scheme Damaged status Not for loan Collection code Home library Current library Date acquired Source of acquisition Cost, normal purchase price Total Checkouts Total Renewals Full call number Barcode Date last seen Copy number Cost, replacement price Koha item type
    Dewey Decimal Classification     Non-fiction Ashok Vihar Ashok Vihar 28/02/2018 KKP/276/24.2.2017/458/15.2.2017/17.3.2017 800.00     796.019 SIN B-667645 28/02/2018 1 800.00 English Books
    Dewey Decimal Classification     Non-fiction Bagh Kadhe Khan Bagh Kadhe Khan 22/02/2017 BPPD/EN/2016-17/292/24.11.16/BL192/26.11.16/4.1.17 800.00 1   796.019 SIN B-652700 11/12/2021 1 800.00 English Books
    Dewey Decimal Classification     Non-fiction Central Library Central Library 22/02/2017 BPPD/EN/2016-17/292/24.11.16/BL192/26.11.16/4.1.17 800.00 3 2 796.019 SIN B-652695 25/06/2022 1 800.00 English Books
    Dewey Decimal Classification     Non-fiction Karol Bagh Karol Bagh 22/02/2017 BPPD/EN/2016-17/292/24.11.16/BL192/26.11.16/4.1.17 800.00     796.019 SIN B-652698 22/02/2017 1 800.00 English Books
    Dewey Decimal Classification     Non-fiction New Police Line New Police Line 22/02/2017 BPPD/EN/2016-17/292/24.11.16/BL192/26.11.16/4.1.17 800.00     796.019 SIN B-652696 22/02/2017 1 800.00 English Books
    Dewey Decimal Classification     Non-fiction New Rohtak Road New Rohtak Road 22/02/2017 BPPD/EN/2016-17/292/24.11.16/BL192/26.11.16/4.1.17 800.00     796.019 SIN B-652699 22/02/2017 1 800.00 English Books
    Dewey Decimal Classification     Non-fiction Patel Nagar Patel Nagar 22/02/2017 BPPD/EN/2016-17/292/24.11.16/BL192/26.11.16/4.1.17 800.00 1   796.019 SIN B-652697 06/01/2020 1 800.00 English Books
    Dewey Decimal Classification     Non-fiction Shahdara Branch Shahdara Branch 22/02/2017 BPPD/EN/2016-17/292/24.11.16/BL192/26.11.16/4.1.17 800.00 2   796.019 SIN B-652701 24/08/2018 1 800.00 English Books
    Dewey Decimal Classification     Non-fiction Yojana Vihar Yojana Vihar 22/02/2017 BPPD/EN/2016-17/292/24.11.16/BL192/26.11.16/4.1.17 800.00     796.019 SIN B-652702 22/02/2017 1 800.00 English Books

© Delhi Public Library
Hit Counter
free hit counter